L'islam : croyances et institutions /

محفوظ في:

المؤلف الرئيسي: Lammens, Henri, 1862-1937.

التنسيق: كتاب

اللغة: French

منشور في: Beyrouth : Imp. catholique, 1941.

الطبعة: 2. éd. rev. et augm.

الموضوعات:

الوسوم: إضافة وسم

لا توجد وسوم, كن أول من يضع وسما على هذه التسجيلة!

رقم الطلب: BP161 .L25 1941

LEADER 01005cam a2200277I 4500
001 ocm05154797
003 OSt
005 20250924131913.0
008 790710s1941 le b 000 0 fre
010 |a 49032295 
035 |a (OCoLC)5154797  |z (OCoLC)314950595 
040 |c ARCE Library 
050 4 |a BP161 .L25 1941 
100 1 |a Lammens, Henri,  |d 1862-1937. 
245 1 2 |a L'islam :  |b croyances et institutions /  |c H. Lammens. 
250 |a 2. éd. rev. et augm. 
260 |a Beyrouth :  |b Imp. catholique,  |c 1941. 
300 |a xxiv, 334 p. ;  |c 25 cm. 
504 |a Includes bibliographical references (p. [290]-315). 
541 |a From the personal library collection of Father Pierre Riches. 
541 |a On copy is from the personal library collection of Boutros Boutros-Ghali. 
650 0 |a Islam. 
776 0 8 |i Online version:  |a Lammens, Henri, 1862-1937.  |t Islam.  |b 2. éd. rev. et augm.  |d Beyrouth, Imp. catholique, 1941  |w (OCoLC)567977744. 
901 |a reviewed 
942 |2 lcc  |c BK 
999 |c 55068  |d 55068